LEADER 01038nam a2200241 i 4500 001 000000104574 003 CaOOAMICUS 005 20070412103451.0 008 070412s2007 it a b u000 u ita r 040 $aPUL$bita$dLDB 100 1 $aFo, Dario.$0(OLS)http://pul/name/64204 245 10$aMistero buffo; Manuale minimo dell'attore /$cDario Fo. 260 $aMilano :$bR.C.S. Quotidiani,$c2007. 300 $a703 p. :$bill. ;$c18cm 490 1 $aI Nobel della letteratura ;$v15 740 03$aManuale minimo dell'attore. 830 2$aI Nobel della letteratura,$x1129-08500 ;$v15.$0(OLS)http://pul/title/131326 850 $aPUL 852 $aPUL$W1$xDP2 Cons. Gen., Altre Classi 3$y97$m800 COLL 1.15$j117053$qDDC 21$B117041$CPULBib$Z2$F117041 $H104037 $82 941 1 $a9 996 $6740$aManuale minimo dell'attore$9(OLS)http://pul/title/131544 996 $6245$aMistero buffo; Manuale minimo dell'attore$9(OLS)http://pul/title/131543 996 $6260$aMilano :$bR.C.S. Quotidiani$9(OLS)http://pul/publisher/79195 LEADER 01351nam a2200313 a 4500 001 000000143645 003 CaOOAMICUS 005 20150527140133.0 008 150527s2015 it u000 u ita r 020 $z978-88-21-746093* 040 $aPUL$bita 082 04$a348 245 00$aAssicurazioni private /$ca cura di Maurizio Hazan e Stefano Taurini. 260 $aMilanofiori Assago :$bWolters Kluwer,$cİ2015. 300 $aXXVII, 1714 p. ;$c24 cm 490 1 $aItinera. Guide giuridiche. Assicurazioni 500 $aSul front.: Taurini & Hazan studio legale. 650 4$aAssicurazioni$zItalia$xDiritto.$0(OLS)http://pul/subject/27569 700 1 $aHazan, Maurizio.$0(OLS)http://pul/name/92298 700 1 $aTaurini, Stefano.$0(OLS)http://pul/name/92299 830 0$aItinera$pGuide giuridiche (Ipsoa).$pAssicurazioni.$0(OLS)http://pul/title/181743 850 $aPUL 852 $aPUL$W1$xSL Diritto e Scienze Sociali 3$y79$m348 COLL 3.8$j165731$qDDC 21$B166076$CPULBib$Z2$F166076 $H125937 $82 941 1 $a9 996 $6020$z978-88-21-746093*$9(OLS)http://pul/number/157676 996 $6082$a348$9(OLS)http://pul/classification/2532 996 $6245$aAssicurazioni private$9(OLS)http://pul/title/181742 996 $6260$aMilanofiori Assago :$bWolters Kluwer$9(OLS)http://pul/publisher/81463